000 01753nam0a22003131 4500
001 rc\419052
005 20030616170330.7
035 _a(NLR Aleph) 005666648
090 _a6929868
_c6929868
100 _a20030616d1988 u |0rusy50 ca
101 0 _arus
102 _aRU
105 _ay |||||||||
200 1 _aИздательская и книготорговая библиография
_fГрузинова Л.Б., Каменская Н.Г., Мосунова Е.В.
210 _aМ.
_cКн. палата
_d1988
215 _a64 с.
_d21
225 1 _aКнижная торговля
_eОбзор. информ. по информ. обеспечению отрасл. науч.-техн. программ и основным направлениям развития отрасли
_fНауч.-произв. об-ние "Всесоюз. кн. палата", Науч.-информ. центр по изд. делу, полигр. пром-сти и кн. торговле ("Информпечать")
_vВып. 2
300 _aНа обл. авт. не указаны
300 _aВ надзаг. также: Гос. ком. СССР по делам изд-в, полиграфии и кн. торговли
320 _aБиблиогр.: с. 40-60 и в подстроч. примеч.
423 0 _12001#$aˆ[‰Ретроспективный поиск информации в рамках АСНТИ "Информпечать"$fБ.В. Ленский и др.]
700 1 _aГрузинова
_bЛ. Б.
_gЛюбовь Борисовна
701 1 _aКаменская
_bН. Г.
701 1 _aМосунова
_bЕ. В.
801 0 _aRU
_bNLR
_gpsbo
801 1 _aRU
_bELAR
_2rusmarc
852 _aNLR
_jП1/433
942 _cBOOK
980 _aNB